000 00670nam a2200205 i 4500
001 5122
003 ES-MaACL
005 20230908152708.0
007 t|
008 891024s1989 sp b |||| | spa d
100 1 _aCosta, Joaquín,
_d1846-1911
_941054
245 1 0 _aLegado Joaquín Costa [
_hMicroforma].
260 _aMadrid :
_bAteneo Científico, Literario y Artístico,
_c1989.
300 _a1 microficha :
_bnegativo.
500 _aFotocopias de 14 documentos autógrafos cedidos por la Fundación Joaquín Costa (p. 3)
505 8 _aContiene: Cartas n. 1 a 14
852 _aES-MaACL
_jMCF-5
_95239
_cDEPO1
942 _2udc
_cMICROFORMA
999 _c5122
_d5122